LEADER 01231nam a2200289 a 4500 001 000000122485 003 CaOOAMICUS 005 20100712172710.0 008 100712t2005 it u000 u ita r 020 $a978-88-15-11902-5 040 $aPUL$bita$dReb 082 04$a909 100 1 $aCarbone, Giovanni.$0(OLS)http://pul/name/76876 245 12$aL'Africa :$bgli stati, la politica, i conflitti /$cGiovanni Carbone. 260 $aBologna :$bIl Mulino,$cİ2005. 300 $a224 p. ;$c21 cm. 490 1 $aUniversale paperbacks Il Mulino ;$v481 504 $aBibliografia p. 207-219. 651 4$aAfrica$xPolitica e governo.$0(OLS)http://pul/subject/21109 830 0$aUniversale paperbacks Il Mulino ;$v481.$0(OLS)http://pul/title/190 850 $aPUL 852 $aPUL$W1$xDP2 Filosofia 3$y112$m909 COLL 2.481$j140665$aRistampa del 2007$qDDC 21$B139764$CPULBib$Z2$F139764 $H114281 $82 941 1 $a9 996 $6020$a978-88-15-11902-5$9(OLS)http://pul/number/144867 996 $6082$a909$9(OLS)http://pul/classification/566 996 $6245$aL'Africa :$bgli stati, la politica, i conflitti$9(OLS)http://pul/title/154288 996 $6260$aBologna :$bIl Mulino$9(OLS)http://pul/publisher/47928 LEADER 01618nam a2200373 a 4500 001 000000175295 003 CaOOAMICUS 005 20220620123208.0 008 220620s2022 it u000 u ita r 020 $a978-88-13-37943-8* 032 $aLibriCat 040 $aPUL$bita 082 04$a348.45 100 1 $aCarullo, Antonio.$0(OLS)http://pul/name/65279 245 10$aCommentario breve alla legislazione sugli appalti pubblici e privati /$cAntonio Carullo, Giovanni Iudica ; con la collaborazione di Stefano Balbusso ... [et al.]. 250 $a4. ed. 260 $aPadova :$bCEDAM,$c2022. 300 $aXXVIII, 1811 p. ;$c22 cm 490 1 $aBreviaria Iuris ;$v20 500 $aComprende indici. 500 $aTesto su due colonne. 650 4$aAppalti$xLegislazione$zItalia.$0(OLS)http://pul/subject/33607 650 4$aDiritto privato$zItalia.$0(OLS)http://pul/subject/1235 700 1 $aIudica, Giovanni.$0(OLS)http://pul/name/33837 700 1 $aBalbusso, Stefano.$0(OLS)http://pul/name/109427 830 0$aBreviaria Iuris ;$v20.$0(OLS)http://pul/title/8521 850 $aPUL 852 $aPUL$W1$xSL Diritto e Scienze Sociali 3$y79$m348. 45 COD 1.1.93$j199499$qDDC 21$B204218$CPULBib$Z2$F204218 $H135656 $82 941 1 $a9 996 $6020$a978-88-13-37943-8*$9(OLS)http://pul/number/168696 996 $6082$a348.45$9(OLS)http://pul/classification/373 996 $6245$aCommentario breve alla legislazione sugli appalti pubblici e privati$9(OLS)http://pul/title/145068 996 $6260$aPadova :$bCEDAM$9(OLS)http://pul/publisher/48126